000 00352nam a2200133 4500
999 _c508015
_d508015
008 190305b ||||| |||| 00| 0 eng d
100 _aHabibullah, Wajahat
_92990
245 _aShifting positions
260 _c2018
300 _ap.37-42.
773 _aSeminar
906 _aKashmir - Politics and government
942 _2ddc
_cAR